| 000 | 00823nam a2200265 i 4500 | ||
|---|---|---|---|
| 001 | 88866 | ||
| 003 | ES-MaACL | ||
| 005 | 20250815154410.0 | ||
| 007 | t| | ||
| 008 | 050111s1975 sp ||||1| spa d | ||
| 020 | _a84-233-0036-6 | ||
| 080 | _a571.72(661.1 Tasili) | ||
| 080 | _a75.031.11(661.1 Tasili) | ||
| 100 | 1 |
_aLhote, Henri. _972140 |
|
| 245 | 1 | 0 |
_aHacia el descubrimiento de los frescos del Tasili _b: la pintura prehistórica del Sahara / _cHenri Lhote. |
| 250 | _a2ª ed. | ||
| 260 |
_aBarcelona : _bDestino, _c1975. |
||
| 300 |
_a207 p. : _bil. ; _c25 cm. |
||
| 490 | 1 | _aNuestro pasado | |
| 650 | 4 |
_aPintura rupestre- _zTassili n'Ajjer (Sahara) _916087 |
|
| 651 | 4 |
_aTassili-n-Ajjer. _99431 |
|
| 830 | 0 |
_aNuestro pasado _9177980 |
|
| 852 |
_aES-MaACL _jE-10708 _bR.135055 |
||
| 999 |
_c88866 _d88866 |
||